00352nam a2200109Ia 4500008004100000082000800041100001400049245005900063942000600122952009900128999001500227240331s9999 xx 000 0 und d bCEN aCenwor, d 0aFirst national convention on women's studies :bwomen  cL 001040708LaWERCLbWERCLcSSCd2024-03-31l0o 060.3054 CENp515r2024-03-31w2024-03-31yL c2836d2836